[Event "Bautzen op 2nd"]
[Site "Bautzen"]
[Date "2023.08.13"]
[Round "9"]
[White "Luebke, Florentin"]
[Black "Tschernatsch, Johannes"]
[Result "1/2-1/2"]
[WhiteElo "2052"]
[BlackElo "2319"]
[PlyCount "90"]
[EventDate "2023.08.08"]
[EventType "swiss"]
[EventRounds "9"]
[EventCountry "GER"]
[SourceTitle "EXT 2024"]
[Source "ChessBase"]
[SourceDate "2023.10.10"]
[SourceVersion "1"]
[SourceVersionDate "2023.10.10"]
[SourceQuality "1"]

1. e4 c5 2. Nf3 d6 3. d4 cxd4 4. Nxd4 Nf6 5. Nc3 a6 6. Bg5 e6 7. f4 Be7 8. Qf3 Qc7 9. 0-0-0 Nbd7 10. g4 h6 11. Bxf6 Bxf6 12. h4 Nb6 13. g5 Bxd4 14. Rxd4 Qc5 15. Rd2 Bd7 16. Be2 0-0-0 17. Rhd1 Bc6 18. Rd4 hxg5 19. b4 g4 20. Qe3 Qh5 21. Rxd6 Rxd6 22. Rxd6 Kc7 23. b5 Kxd6 24. Qxb6 axb5 25. Nxb5+ Ke7 26. Qc7+ Kf6 27. Nd6 Be8 28. Qd8+ Kg6 29. Nxe8 Qc5 30. f5+ Kh7 31. fxe6 g3 32. Nf6+ gxf6 33. Qxf6 Qe3+ 34. Kd1 Rd8+ 35. Bd3 Rxd3+ 36. cxd3 Qxd3+ 37. Kc1 Qc4+ 38. Kd1 Qa4+ 39. Kc1 Qc4+ 40. Kd1 Qa4+ 41. Kc1 Qa3+ 42. Kd1 Qd6+ 43. Ke2 fxe6 44. e5 Qc5 45. Qf2 Qxf2+ 1/2-1/2

[Event "Bautzen op 2nd"]
[Site "Bautzen"]
[Date "2023.08.12"]
[Round "8"]
[White "Langheinrich, Ferenc"]
[Black "Luebke, Florentin"]
[Result "1-0"]
[WhiteElo "2366"]
[BlackElo "2052"]
[PlyCount "131"]
[EventDate "2023.08.08"]
[EventType "swiss"]
[EventRounds "9"]
[EventCountry "GER"]
[SourceTitle "EXT 2024"]
[Source "ChessBase"]
[SourceDate "2023.10.10"]
[SourceVersion "1"]
[SourceVersionDate "2023.10.10"]
[SourceQuality "1"]

1. Nf3 d5 2. g3 g6 3. d4 Bg7 4. Bg2 Nf6 5. 0-0 0-0 6. Nbd2 Nbd7 7. c4 c6 8. b3 b6 9. Bb2 Bb7 10. Rc1 Rc8 11. Rc2 e6 12. Qa1 c5 13. dxc5 bxc5 14. e3 Ne8 15. Rfc1 Qb6 16. h4 h6 17. Rd1 Bxb2 18. Qxb2 Nd6 19. h5 g5 20. Ne5 Nf6 21. Nc6 Bxc6 22. Qxf6 Qd8 23. Qxd8 Rfxd8 24. cxd5 Bxd5 25. Rdc1 Bxg2 26. Kxg2 Ne8 27. Ne4 Ng7 28. Nxc5 Nxh5 29. g4 Ng7 30. b4 Rb8 31. Rb2 Ne8 32. a4 Nf6 33. Kf3 Rdc8 34. Rbc2 Rxb4 35. Ne4 Rxc2 36. Nxf6+ Kg7 37. Nh5+ Kg6 38. Rxc2 f5 39. Ng3 fxg4+ 40. Kg2 Rxa4 41. Rc6 Kf7 42. Ne2 Ra2 43. Nd4 e5 44. Nf5 h5 45. e4 Ra4 46. Kg3 a5 47. Nd6+ Ke7 48. Nc4 Rb4 49. Rc5 Kf6 50. Rc6+ Ke7 51. Rc5 Kf6 52. Ne3 Rxe4 53. Rxa5 h4+ 54. Kg2 g3 55. Ra6+ Kf7 56. Ra7+ Kg6 57. Ra6+ Kh5 58. Nd5 Re2 59. Nf6+ Kg6 60. Ng4+ Kg7 61. Kf3 Rb2 62. fxg3 Rb3+ 63. Ke4 Rxg3 64. Kf5 e4 65. Ra7+ Kf8 66. Nf6 1-0

[Event "GER-ch U16"]
[Site "Willingen"]
[Date "2023.05.30"]
[Round "4"]
[White "Luebke, Florentin"]
[Black "Bier, Bela"]
[Result "1/2-1/2"]
[WhiteElo "1988"]
[BlackElo "1987"]
[PlyCount "187"]
[EventDate "2023.05.27"]
[EventType "swiss"]
[EventRounds "9"]
[EventCountry "GER"]
[SourceTitle "CBM 214 Extra"]
[Source "ChessBase"]
[SourceDate "2023.07.31"]
[SourceVersion "1"]
[SourceVersionDate "2023.07.31"]
[SourceQuality "1"]

1. e4 e5 2. Nf3 Nf6 3. Nxe5 d6 4. Nf3 Nxe4 5. Nc3 Nxc3 6. dxc3 Be7 7. Be3 0-0 8. Qd2 Nd7 9. 0-0-0 Nf6 10. Bd3 c5 11. Kb1 Qa5 12. c4 Qxd2 13. Rxd2 h6 14. Re1 Be6 15. Nh4 Ng4 16. Nf5 Bxf5 17. Bxf5 Nxe3 18. fxe3 Rad8 19. Be4 Bf6 20. Rd3 b6 21. Bc6 Be5 22. g3 Rc8 23. Bd5 Rc7 24. Rf1 g6 25. e4 Kg7 26. Rdf3 Re7 27. a4 Rc7 28. c3 a5 29. Kc2 Re7 30. Kd3 Rc7 31. Ke2 Kg8 32. Kf2 Kg7 33. Kg2 Kg8 34. h3 Kg7 35. Ra1 Rb8 36. Ra3 Ra7 37. Rb3 Kg8 38. Rf1 Kg7 39. Rb5 Kg8 40. Rb3 Kg7 41. Rf3 Kg8 42. Ra3 Kg7 43. Ra1 Rc7 44. g4 g5 45. Ra3 f6 46. Rf1 Ra7 47. Kf3 Kg6 48. Rh1 Rh7 49. Be6 Kg7 50. Bf5 Rhh8 51. Rb3 h5 52. Ra1 Kf8 53. Rb5 Ke7 54. Ke3 Kd8 55. Kd3 Kc7 56. Rb1 hxg4 57. Bxg4 Ra8 58. Kc2 Rhb8 59. Bf5 Ra7 60. Rg1 Rh8 61. Rb3 Rh4 62. Bg4 Rh8 63. Ra3 Rh4 64. Kd3 Ra8 65. Raa1 Rah8 66. Rh1 Kc6 67. Ke2 R8h7 68. Kf3 Rh8 69. Kg2 Kc7 70. Raf1 Kc6 71. Rf3 Kc7 72. Bf5 Rf4 73. Rxf4 Bxf4 74. Kf3 Be5 75. Rb1 Rh4 76. Bg4 Rh8 77. Ke3 Rf8 78. Bf5 Rh8 79. Kd3 Rf8 80. Rh1 Rh8 81. Rf1 Rh4 82. Bg4 Rh8 83. Rg1 Rf8 84. Be6 Rh8 85. Rb1 Rb8 86. Bf5 Rh8 87. Kc2 Rh4 88. Bg4 Rh8 89. Rd1 Rf8 90. Rd3 Rh8 91. Kb3 Rf8 92. Ka3 Rh8 93. b4 Bxc3 94. b5 1/2-1/2

[Event "Liberec op 22nd"]
[Site "Liberec"]
[Date "2023.03.01"]
[Round "7"]
[White "Luebke, Florentin"]
[Black "Cakl, Zdenek"]
[Result "1/2-1/2"]
[WhiteElo "1980"]
[BlackElo "2079"]
[PlyCount "51"]
[EventDate "2023.02.24"]
[EventType "swiss"]
[EventRounds "9"]
[EventCountry "CZE"]
[SourceTitle "CBM 213 Extra"]
[Source "ChessBase"]
[SourceDate "2023.05.31"]
[SourceVersion "1"]
[SourceVersionDate "2023.05.31"]
[SourceQuality "1"]

1. e4 c5 2. Nf3 Nc6 3. d4 cxd4 4. Nxd4 g6 5. c4 Nf6 6. Nc3 d6 7. Be2 Nxd4 8. Qxd4 Bg7 9. Be3 0-0 10. Qd2 a5 11. 0-0 a4 12. f3 Qa5 13. Rab1 Be6 14. Rfc1 Rfc8 15. b4 axb3 16. axb3 Qb4 17. Na4 Qxd2 18. Bxd2 Nd7 19. Be3 Rc6 20. f4 Nc5 21. Nxc5 dxc5 22. e5 f6 23. Bf3 Rc7 24. exf6 Bxf6 25. Be4 Ra2 26. Rc2 1/2-1/2

[Event "GER-ch U14"]
[Site "Willingen"]
[Date "2022.06.06"]
[Round "3"]
[White "Haubold, Christian Lucas"]
[Black "Luebke, Florentin"]
[Result "1/2-1/2"]
[WhiteElo "1944"]
[BlackElo "1731"]
[PlyCount "77"]
[EventDate "2022.06.04"]
[EventType "swiss"]
[EventRounds "9"]
[EventCountry "GER"]
[SourceTitle "CBM 208 Extra"]
[Source "ChessBase"]
[SourceDate "2022.07.31"]
[SourceVersion "1"]
[SourceVersionDate "2022.07.31"]
[SourceQuality "1"]

1. e4 c5 2. Nf3 Nc6 3. d4 cxd4 4. Nxd4 g6 5. c4 Nf6 6. Nc3 d6 7. Be2 Nxd4 8. Qxd4 Bg7 9. 0-0 0-0 10. Qd3 Be6 11. Rb1 Rc8 12. b3 a6 13. f3 Nd7 14. Bb2 Qa5 15. f4 f5 16. Nd5 Bxd5 17. exd5 Qxa2 18. Bxg7 Kxg7 19. Bf3 Qa5 20. b4 Qc7 21. Qd4+ Kg8 22. Rfe1 Rf7 23. Rec1 b6 24. g4 a5 25. bxa5 bxa5 26. Rb5 a4 27. Rc2 Rg7 28. Qe3 Nc5 29. Kh1 Ra8 30. h4 Rb8 31. Rcb2 Nb3 32. Rxb8+ Qxb8 33. Bd1 fxg4 34. Bxb3 axb3 35. Rxb3 Qc8 36. Kg2 h5 37. Qd4 Rf7 38. Kg3 Rf8 39. Re3 1/2-1/2

[Event "GER Pfingstopen U12"]
[Site "Playchess.com INT"]
[Date "2020.06.02"]
[Round "5"]
[White "Luebke, Florentin"]
[Black "Wilmink, Anna"]
[Result "0-1"]
[WhiteElo "1620"]
[BlackElo "1559"]
[PlyCount "132"]
[EventDate "2020.06.02"]
[EventType "swiss (blitz)"]
[EventRounds "11"]
[EventCountry "GER"]
[SourceTitle "CBM 197 Extra"]
[Source "ChessBase"]
[SourceDate "2020.09.30"]
[SourceVersion "1"]
[SourceVersionDate "2020.09.30"]
[SourceQuality "1"]

1. e4 c5 2. Nf3 Nc6 3. d4 cxd4 4. Nxd4 g6 5. Nc3 Bg7 6. Be3 Nf6 7. f3 0-0 8. Qd2 d5 9. 0-0-0 dxe4 10. Nxc6 Qxd2+ 11. Rxd2 bxc6 12. fxe4 Be6 13. Be2 a5 14. Bc5 Rfe8 15. Rhd1 Rab8 16. Kb1 Rb7 17. Ba6 Rd7 18. Rxd7 Nxd7 19. Ba3 Rb8 20. Rd3 Ne5 21. Rg3 Bc4 22. Bxc4 Nxc4 23. Kc1 Nxa3 24. bxa3 Bh6+ 25. Kd1 Rb2 26. Rd3 f6 27. Rd7 Kf7 28. Rc7 Bf4 29. Rxc6 Bxh2 30. Ra6 Be5 31. Nd5 Rxa2 32. Rxa5 Ra1+ 33. Kd2 Bd6 34. Nb4 Ke6 35. c3 Bc7 36. Ra7 Bd6 37. Ke2 Ke5 38. Kf3 Rf1+ 39. Ke2 Ra1 40. Kf3 Rc1 41. Ra5+ Ke6 42. Nd5 Ra1 43. a4 Ra3 44. Ra7 h5 45. a5 Ke5 46. a6 e6 47. Ra8 exd5 48. Re8+ Be7 49. Rxe7+ Kd6 50. Rf7 Ke6 51. Rb7 Rxa6 52. exd5+ Kxd5 53. Rg7 f5 54. Rd7+ Ke6 55. Rd3 Ra3 56. Kf4 Kf6 57. Rd6+ Kg7 58. Kg5 Rxc3 59. Rxg6+ Kf7 60. Kxf5 Rc5+ 61. Kf4 Kxg6 62. Kf3 Kg5 63. Kg3 Rc3+ 64. Kh2 Kg4 65. Kh1 Kg3 66. Kg1 Rc1# 0-1